Estadísticas para Máximos goleadores de la Serie A 2021-2022

Haz click aquí para intentar la prueba.

Estadísticas generales

  • Esta prueba ha sido intentada 16 veces
  • La puntuación promedio es 10 de 14

Estadísticas de respuestas

GolesNacionalidadEquipoJugador% Correcto
27ItaliaS. S. LazioCiro Immobile
100%
24SerbiaJuventusDušan Vlahović
100%
36Bosnia y HerzegovinaInter de MilánEdin Džeko
100%
21ArgentinaInter de MilánLautaro Martínez
100%
15ItaliaU. S. SassuoloDomenico Berardi
88%
37InglaterraA. S. RomaTammy Abraham
88%
14NigeriaS. S. C. NapoliVictor Osimhen
88%
13EspañaUdineseGerard Deulofeu
81%
33AustriaBologna F. C.Marko Arnautović
69%
37CroaciaAtalanta B. C.Mario Pašalić
56%
17ArgentinaHellas Verona F. C.Giovanni Simeone
50%
16ItaliaU. S. SassuoloGianluca Scamacca
13%
37ItaliaCagliariJoão Pedro
13%
36ItaliaEmpoli F. C.Andrea Pinamonti
6%

Distribución de puntuación

Porcentaje por número respondido

Porcentaje de gente con cada puntuación

Historial de tus puntuaciones

No has intentado esta prueba.